|
|
|
|
| LEADER |
00843nam a2200253 a 4500 |
| 001 |
000556564 |
| 003 |
CZ BrMZK |
| 005 |
20070405104836.0 |
| 007 |
ta |
| 008 |
010907s1991 xo slo d |
| 040 |
|
|
|a BOA001
|b cze
|
| 041 |
1 |
|
|a slo
|h eng
|
| 080 |
|
|
|a 820(73)-311.3=854
|2 MRF
|
| 100 |
1 |
|
|a Grey, Zane,
|d 1872-1939
|7 jn19990002874
|4 aut
|
| 245 |
1 |
0 |
|a Rajské pahorky koní /
|c Zane Grey ; z anglického originálu ... preložila Oľga Bednárová
|
| 260 |
|
|
|a Bratislava :
|b Šport,
|c 1991
|
| 300 |
|
|
|a 136 s.
|
| 490 |
1 |
|
|a Western. Príbehy z Divokého západu
|v 12
|
| 700 |
1 |
|
|a Keltošová, Oľga,
|d 1943-
|7 xx0056151
|4 trl
|
| 765 |
0 |
|
|t Horse Heaven Hill
|9 Slovensky
|
| 830 |
|
0 |
|a Western
|
| 910 |
|
|
|a BOA001
|b 2-0973.149
|
| 990 |
|
|
|a BK
|
| 996 |
7 |
|
|b 2619346492
|c 2-0973.149
|l MZK
|r Sklad / do 1 hodiny
|n 0
|w 000556564
|u 000010
|a 1
|e BOA001
|j MZK50
|s A
|